000 00691nam a22002417a 4500
003 UA-OsUOA
001 32543
007 ta
008 20050204b un ||||| |||| 00| 0 ukr d
100 _aАндерсен Ханс Кристиан
090 _a821.113.4
_bА65
942 _cBK
040 _aUA-OsUOA
_brus
_cUA-OsUOA
_dUA-OsUOA
245 _aСказки ; Истории
300 _a448 с.
_bІлюстрації
955 _a3
041 _arus
080 _a821.113.4
260 _aМосква
_bХудожественная литература
_c1973
044 _aRU
650 7 _a82 Література. Літературознавство
_2UDC
999 _c318988
_d318988